| 000 | 00492nam a22001817a 4500 | ||
|---|---|---|---|
| 003 | CEME | ||
| 005 | 20210628204143.0 | ||
| 008 | 210112b xxu||||| |||| 00| 0 eng d | ||
| 020 | _a9788120328976 | ||
| 040 | _cceme | ||
| 082 | _a006.312 SOM | ||
| 100 |
_aSoman, K.P , Diwakar, Shyam , Ajay, V _968990 |
||
| 245 | _aInsight into data mining , theory and practice | ||
| 260 |
_aNEW DELHI _bPHI LEARNING _c2012 |
||
| 300 | _aXIII, 401P | ||
| 650 |
_aDATA MINING. _928196 |
||
| 942 |
_cBK _2ddc |
||
| 999 |
_c576423 _d576423 |
||